|
|
|
|
| LEADER |
00000nam0a2200000 4500 |
| 001 |
94193 |
| 005 |
20231031105538.0 |
| 035 |
|
|
|a (RuTPU)RU\TPU\book\100885
|
| 090 |
|
|
|a 94193
|
| 100 |
|
|
|a 20060407d1965 km y0rusy50 ca
|
| 101 |
0 |
|
|a rus
|
| 102 |
|
|
|a RU
|
| 105 |
|
|
|a a z 001zy
|
| 200 |
1 |
|
|a Обработка резанием жаропрочных сталей, сплавов и тугоплавких металлов
|f А. М. Даниелян [и др.]
|
| 210 |
|
|
|a Москва
|c Машиностроение
|d 1965
|
| 215 |
|
|
|a 308 с.
|c ил.
|
| 320 |
|
|
|a Библиогр.: с. 302-307.
|
| 516 |
1 |
|
|a Обработка резанием жаропрочных сплавов
|
| 610 |
1 |
|
|a обработка
|
| 610 |
1 |
|
|a обработка резанием
|
| 610 |
1 |
|
|a стали
|
| 610 |
1 |
|
|a жаропрочные стали
|
| 610 |
1 |
|
|a сплавы
|
| 610 |
1 |
|
|a тугоплавкие металлы
|
| 610 |
1 |
|
|a разрезы
|
| 610 |
1 |
|
|a точение
|
| 610 |
1 |
|
|a сверление
|
| 610 |
1 |
|
|a протягивание
|
| 610 |
1 |
|
|a нарезание
|
| 675 |
|
|
|a 621.91
|v 3
|
| 675 |
|
|
|a 621.7М018.14
|v 3
|
| 701 |
|
1 |
|a Даниелян
|b А. М.
|g Арутюм Мкртичевич
|
| 701 |
|
1 |
|a Бобрик
|b П. И.
|g Петр Иванович
|
| 701 |
|
1 |
|a Гуревич
|b Я. Л.
|g Янкель Лейбович
|
| 701 |
|
1 |
|a Егоров
|b И. С.
|g Иван Сергеевич
|
| 702 |
|
1 |
|a Даниелян
|b А. М.
|g Арутюм Мкртичевич
|4 340
|
| 801 |
|
1 |
|a RU
|b 63413507
|c 20060407
|g PSBO
|
| 801 |
|
2 |
|a RU
|b 63413507
|c 20210126
|g PSBO
|
| 942 |
|
|
|c BK
|